00301nam a2200121Ia 4500008004100000100001700041245003100058260003800089300000900127650001900136942000700155999001700162190216s9999||||xx |||||||||||||| ||und|| aJohn Mc Leod 0aBeginning Post Colonialism bManchester University Pressc2000 a269p aIndian History cBK c21469d21469